| 000 | 00567nam a2200181Ia 4500 | ||
|---|---|---|---|
| 003 | SGT | ||
| 020 | _a9788120330450 | ||
| 082 |
_a621.382 _bBEA |
||
| 100 | _aBeasley,Jeffrey S | ||
| 245 | _aModern electronic communication | ||
| 250 | _a8th Ed. | ||
| 260 |
_bPHI Learning Private Limited _aNew Delhi _c2005 |
||
| 300 | _a923p. | ||
| 650 | _aELECTRONICS | ||
| 653 | _aINTRODUCTORY TOPICS, AMPLITUDE MODULATION TRANSMISSION, AMPLITUDE MODULATION RECEPTION, SINGLE SIDEBAND COMMUNICATION, WIRED DIGITAL COMMUNICATIONS | ||
| 700 | _aMiller,Gary M | ||
| 942 |
_2ddc _cBK |
||
| 999 |
_c5079 _d5079 |
||